Normal view
MARC view
- Maira Khan Yumna Aftab
Entry Personal Name
001 - CONTROL NUMBER
- control field: 86228
003 - CONTROL NUMBER IDENTIFIER
- control field: NUST
005 - DATE AND TIME OF LATEST TRANSACTION
- control field: 20211209121247.0
008 - FIXED-LENGTH DATA ELEMENTS
- fixed length control field: 211209|| aca||aabn | a|a d
040 ## - CATALOGING SOURCE
- Original cataloging agency: NUST
- Transcribing agency: NUST
100 ## - HEADING--PERSONAL NAME
- Personal name: Maira Khan Yumna Aftab
670 ## - SOURCE DATA FOUND
- Source citation: Work cat.: (NUST): Maira Khan Yumna Aftab , PR-SOF-2075-Cardiac Decision Support System For Near Real-Time Arrhythmia Detection, 2021.
